Put the Movies Back Together Quiz Stats

 Plays Quiz Updated Oct 5, 2014

Also try: Mutated Movies
Challenge
Share
Tweet
Embed
Score 0/30 Timer 06:00
0 Plays Today
% Correct
_O_A_N_
83.9%
_I_E_O_
80.1%
_I_S_N_
75.9%
_L_B_E_
75.3%
_A_A_A_
75.1%
_E_L_O_
74.8%
_A_A_E_
73.3%
_R_C_L_
72.3%
_T_E_L_
71.9%
_A_I_D_
70.4%
_I_A_L_
70.1%
_L_T_O_
66.4%
_A_H_A_
65.9%
_I_A_H_
64.4%
_U_L_T_
64.1%
% Correct
_H_C_G_
62.9%
_L_S_U_
61.5%
_O_S_E_
60.1%
_A_K_A_
57.7%
_W_S_E_
54.1%
_M_D_U_
53.7%
_E_W_R_
51.9%
_H_M_O_
51.6%
_A_R_N_
51.1%
_E_P_C_
50.6%
_K_F_L_
50.5%
_A_T_M_
47.7%
_I_P_R_
46.4%
_O_H_K_
45.7%
_L_C_L_
43.7%

You're not logged in!

Compare scores with friends on all Sporcle quizzes.
OR
Log In

You Might Also Like...

Show Comments

Extras

Top Quizzes Today


Score Distribution

Your Account Isn't Verified!

In order to create a playlist on Sporcle, you need to verify the email address you used during registration. Go to your Sporcle Settings to finish the process.

Report this User

Report this user for behavior that violates our Community Guidelines.

Details: